ARRUPE JESUIT UNIVERSITY

CORONAVIRUS -STOP THE SPREAD - CLEAN,DISINFECT,COVER

Judgment & justification in early Judaism and the Apostle Paul / (Record no. 129091)

MARC details
000 -LEADER
fixed length control field 02070cam a2200373 a 4500
001 - CONTROL NUMBER
control field 14320944
003 - CONTROL NUMBER IDENTIFIER
control field ARRUPE
005 - DATE AND TIME OF LATEST TRANSACTION
control field 20190222093811.0
008 - FIXED-LENGTH DATA ELEMENTS--GENERAL INFORMATION
fixed length control field 060329s2006 mau b 001 0 eng
010 ## - LIBRARY OF CONGRESS CONTROL NUMBER
LC control number 2006010725
020 ## - INTERNATIONAL STANDARD BOOK NUMBER
International Standard Book Number 1565633989 (alk. paper)
020 ## - INTERNATIONAL STANDARD BOOK NUMBER
International Standard Book Number 9781565633988 (alk. paper)
035 ## - SYSTEM CONTROL NUMBER
System control number (OCoLC)ocm65425898
035 ## - SYSTEM CONTROL NUMBER
System control number (OCoLC)65425898
040 ## - CATALOGING SOURCE
Original cataloging agency DLC
Transcribing agency DLC
Modifying agency YDX
-- BAKER
-- BTCTA
-- YDXCP
-- DLC
050 00 - LIBRARY OF CONGRESS CALL NUMBER
Classification number BT180.J8
Item number V36 2006
082 00 - DEWEY DECIMAL CLASSIFICATION NUMBER
Classification number 234
Edition number 22
300 ## - PHYSICAL DESCRIPTION
Dimensions 24 cm.
100 1# - MAIN ENTRY--PERSONAL NAME
Personal name VanLandingham, Chris,
Dates associated with a name 1963-
9 (RLIN) 44855
245 10 - TITLE STATEMENT
Title Judgment & justification in early Judaism and the Apostle Paul /
Statement of responsibility, etc Chris VanLandingham.
246 30 - VARYING FORM OF TITLE
Title proper/short title Judgment and justification in early Judaism and the Apostle Paul
260 ## - PUBLICATION, DISTRIBUTION, ETC. (IMPRINT)
Place of publication, distribution, etc Peabody, Mass. :
Name of publisher, distributor, etc Hendrickson Publishers,
Date of publication, distribution, etc c2006.
300 ## - PHYSICAL DESCRIPTION
Extent xvi, 384 p. ;
504 ## - BIBLIOGRAPHY, ETC. NOTE
Bibliography, etc Includes bibliographical references (p. [337]-354) and indexes.
505 0# - FORMATTED CONTENTS NOTE
Formatted contents note Election, covenant, and God's grace as they relate to obedience in post-biblical Judaism -- The last judgment according to deeds and its relationship to God's grace, mercy, and covenant with Abraham -- Behavior, the last judgment, and eternal destiny in the Pauline epistles -- "Justification by faith" : a mistranslated phrase and misunderstood concept.
600 00 - SUBJECT ADDED ENTRY--PERSONAL NAME
Personal name Paul,
Titles and other words associated with a name the Apostle, Saint.
9 (RLIN) 44856
630 00 - SUBJECT ADDED ENTRY--UNIFORM TITLE
Uniform title Bible.
Name of part/section of a work Epistles of Paul
General subdivision Criticism, interpretation, etc.
9 (RLIN) 44857
650 #0 - SUBJECT ADDED ENTRY--TOPICAL TERM
Topical term or geographic name as entry element Judgment of God
General subdivision History of doctrines.
9 (RLIN) 11800
650 #0 - SUBJECT ADDED ENTRY--TOPICAL TERM
Topical term or geographic name as entry element Justification (Christian theology)
General subdivision History of doctrines.
9 (RLIN) 34827
650 #0 - SUBJECT ADDED ENTRY--TOPICAL TERM
Topical term or geographic name as entry element Grace (Theology)
9 (RLIN) 11802
650 #0 - SUBJECT ADDED ENTRY--TOPICAL TERM
Topical term or geographic name as entry element Judaism
General subdivision History
Chronological subdivision Post-exilic period, 586 B.C.-210 A.D.
9 (RLIN) 44858
856 41 - ELECTRONIC LOCATION AND ACCESS
Materials specified Table of contents only
Uniform Resource Identifier <a href="http://www.loc.gov/catdir/toc/ecip0611/2006010725.html">http://www.loc.gov/catdir/toc/ecip0611/2006010725.html</a>
906 ## - LOCAL DATA ELEMENT F, LDF (RLIN)
a 7
b cbc
c orignew
d 1
e ecip
f 20
g y-gencatlg
942 ## - ADDED ENTRY ELEMENTS (KOHA)
Source of classification or shelving scheme Library of Congress Classification
Koha item type Monograph ( Printed materials)
Holdings
Withdrawn status Lost status Source of classification or shelving scheme Damaged status Not for loan Collection code Home library Current library Shelving location Date acquired Total Checkouts Full call number Barcode Date last seen Price effective from Koha item type
    Library of Congress Classification     Main Collection ARRUPE LIBRARY ARRUPE LIBRARY Main Collection 22/02/2019   BT180.J8 V36 2006 46600003942 22/02/2019 22/02/2019 Monograph ( Printed materials)

 

Arrupe Library. PO Box MP320 Mt Pleasant, Harare, Zimbabwe
263 242 745411|librarian@aju.ac.zw